International Reflections on the Netherlands Didactics of Mathematics (Record no. 76566)
[ view plain ]
| 000 -LEADER | |
|---|---|
| fixed length control field | 00631nam a2200181Ia 4500 |
| 008 - FIXED-LENGTH DATA ELEMENTS--GENERAL INFORMATION | |
| fixed length control field | 220705s9999||||xx |||||||||||||| ||und|| |
| 020 ## - INTERNATIONAL STANDARD BOOK NUMBER | |
| International Standard Book Number | 978-3-030-20222-4 |
| 020 ## - INTERNATIONAL STANDARD BOOK NUMBER | |
| International Standard Book Number | 978-3-030-20223-1 |
| 040 ## - CATALOGING SOURCE | |
| Transcribing agency | Springer |
| 041 ## - LANGUAGE CODE | |
| Language code of text/sound track or separate title | English |
| 100 ## - MAIN ENTRY--PERSONAL NAME | |
| Personal name | Marja van den Heuvel-Panhuizen |
| 245 #0 - TITLE STATEMENT | |
| Title | International Reflections on the Netherlands Didactics of Mathematics |
| 260 ## - PUBLICATION, DISTRIBUTION, ETC. | |
| Name of publisher, distributor, etc. | Springer International Publishing |
| Date of publication, distribution, etc. | 2020 |
| 490 ## - SERIES STATEMENT | |
| Series statement | ICME-13 Monographs |
| International Standard Serial Number | 2520-8330 |
| 650 ## - SUBJECT ADDED ENTRY--TOPICAL TERM | |
| Topical term | Education |
| 856 ## - ELECTRONIC LOCATION AND ACCESS | |
| DOI | <a href="https://doi.org/10.1007/978-3-030-20223-1">https://doi.org/10.1007/978-3-030-20223-1</a> |
| Uniform Resource Identifier | <a href="https://link.springer.com/openurl?genre=book&isbn=978-3-030-20223-1">https://link.springer.com/openurl?genre=book&isbn=978-3-030-20223-1</a> |
| 942 ## - ADDED ENTRY ELEMENTS (KOHA) | |
| Koha item type | E-Books |
No items available.
